| 000 | 00740nam a22002177a 4500 | ||
|---|---|---|---|
| 005 | 20251108171918.0 | ||
| 008 | 250721s2002 xx 000 0 ara d | ||
| 082 | 1 | 4 | _a956.5/عرق |
| 100 | 1 | _aالعرقان، عبد الله راشد | |
| 245 | 1 | 0 |
_aالهاشميون : _bقصة إنجاز و عظمة تحدي / |
| 264 | 1 |
_aاربد : _bالمؤلف، _c2002. |
|
| 650 | 1 | 7 | _aتاريخ الأردن |
| 650 | 1 | 7 | _aجلالة الملك الحسين 1952-1999 |
| 650 | 1 | 7 | _aالملك عبد الله الثاني 1999 |
| 650 | 1 | 7 | _aالسياسة الخارجية |
| 650 | 1 | 7 | _aالسياسة الحكومية |
| 650 | 1 | 7 | _aالدستور |
| 650 | 1 | 7 | _aالسياسة الداخلية |
| 942 |
_2ddc _cBK |
||
| 999 |
_c65771 _d65771 |
||